The Dhammapada (Record no. 1405901)

MARC details
000 -LEADER
fixed length control field 00645nam a2200289Ia 4500
008 - FIXED-LENGTH DATA ELEMENTS--GENERAL INFORMATION
fixed length control field 161109s9999||||xx |||||||||||||| ||und||
040 ## - CATALOGING SOURCE
Transcribing agency "English, Pali"
082 ## - DEWEY DECIMAL CLASSIFICATION NUMBER
Classification number X.A
082 ## - DEWEY DECIMAL CLASSIFICATION NUMBER
Item number BORI-26341
100 ## - MAIN ENTRY--PERSONAL NAME
Personal name Vinoba
245 #4 - TITLE STATEMENT
Title The Dhammapada
260 ## - PUBLICATION, DISTRIBUTION, ETC. (IMPRINT)
Place of publication, distribution, etc Varanasi
260 ## - PUBLICATION, DISTRIBUTION, ETC. (IMPRINT)
Name of publisher, distributor, etc Sarva Seva Sangha Prakashan
260 ## - PUBLICATION, DISTRIBUTION, ETC. (IMPRINT)
Date of publication, distribution, etc 1972
300 ## - PHYSICAL DESCRIPTION
Extent XLV - 255
300 ## - PHYSICAL DESCRIPTION
Dimensions B
300 ## - PHYSICAL DESCRIPTION
Accompanying material Hardbound
530 ## - ADDITIONAL PHYSICAL FORM AVAILABLE NOTE
Uniform Resource Identifier <a href="000026341.pdf">000026341.pdf</a>
563 ## - BINDING INFORMATION
Binding note Text
600 ## - SUBJECT ADDED ENTRY--PERSONAL NAME
Personal name Vinoba
630 ## - SUBJECT ADDED ENTRY--UNIFORM TITLE
Uniform title The Dhammapada
650 ## - SUBJECT ADDED ENTRY--TOPICAL TERM
Topical term or geographic name as entry element Buddhism
650 ## - SUBJECT ADDED ENTRY--TOPICAL TERM
Topical term or geographic name as entry element Buddhism & Jainism
700 ## - ADDED ENTRY--PERSONAL NAME
Personal name Vinoba
730 ## - ADDED ENTRY--UNIFORM TITLE
Uniform title The Dhammapada
942 ## - ADDED ENTRY ELEMENTS (KOHA)
Koha item type Book
Holdings
Withdrawn status Lost status Damaged status Not for loan Home library Current library Date acquired Cost, normal purchase price Total Checkouts Full call number Barcode Date last seen Cost, replacement price Price effective from Koha item type
        Bhandarkar Oriental Research Institute, Pune Bhandarkar Oriental Research Institute, Pune   10.00   BORI-26341 BORI-26341 11/09/2016 10.00 11/09/2016 Book